CATÁLOGO PÚBLICO DE LA BIBLIOTECA OSCAR VARSAVSKY

Administración y dirección de proyectos. Un enfoque integrado. (Registro nro. 3817)

Detalles MARC
000 -CABECERA
campo de control de longitud fija 00540nam a22001937a 4500
001 - NÚMERO DE CONTROL
campo de control T027600002664
008 - DATOS DE LONGITUD FIJA--INFORMACIÓN GENERAL
campo de control de longitud fija 181111b xve|||||r|||| 00| | esp d
020 ## - NÚMERO INTERNACIONAL ESTÁNDAR DEL LIBRO
Número Internacional Estándar del Libro 956-278-008-2
099 ## - SIGNATURA TOPOGRÁFICA LOCAL
Número de clasificación 1
Cutter B8495
100 ## - ENTRADA PRINCIPAL--NOMBRE DE PERSONA
Nombre de persona Briceño L, Pedro.
245 ## - MENCIÓN DE TÍTULO
Título Administración y dirección de proyectos. Un enfoque integrado.
260 ## - PUBLICACIÓN, DISTRIBUCIÓN, ETC. (PIE DE IMPRENTA)
Lugar de publicación, distribución, etc. 1996
300 ## - DESCRIPCIÓN FÍSICA
Extensión 247
500 ## - NOTA GENERAL
Nota general
650 ## - PUNTO DE ACCESO ADICIONAL DE MATERIA--TÉRMINO DE MATERIA
Término de materia o nombre geográfico como elemento inicial Desarrollo de proyectos.
650 ## - PUNTO DE ACCESO ADICIONAL DE MATERIA--TÉRMINO DE MATERIA
Término de materia o nombre geográfico como elemento inicial Ingeniería conceptual de proyectos.
650 ## - PUNTO DE ACCESO ADICIONAL DE MATERIA--TÉRMINO DE MATERIA
Término de materia o nombre geográfico como elemento inicial Administración del financiamiento de proyectos.
942 ## - ELEMENTOS DE PUNTO DE ACCESO ADICIONAL (KOHA)
Tipo de ítem Koha Libro
Existencias
Estado de retiro Estado de pérdida Estado dañado No para préstamo Localización permanente Ubicación/localización actual Fecha de adquisición Total de préstamos Signatura topográfica completa Código de barras Fecha visto por última vez Precio válido a partir de Tipo de ítem Koha
        Oscar Varsavsky Oscar Varsavsky 13.11.2018   1 B8495 T027600002656 13.11.2018 13.11.2018 Libro